Česko-německý slovník obchodní korespondence

Uložené v:
Podrobná bibliografia
Hlavný autor: Závada, Dušan
Médium: Kniha
Jazyk:Czech
German
Vydavateľské údaje: Praha Státní pedagogické nakladatelství 1965
Tagy: Pridať tag
Žiadne tagy, Buďte prvý, kto otaguje tento záznam!

MARC

LEADER 00000nam a2200000 4500
001 c122851
005 20150325110634.2
041 0 |a cze 
041 0 |a ger 
044 |a CZ 
245 1 0 |a Česko-německý slovník obchodní korespondence  |c Dušan Závada 
264 1 |a Praha  |b Státní pedagogické nakladatelství  |c 1965 
300 |a 485 s. 
100 1 |a Závada, Dušan